00485nam a2200145Ia 4500003000900000008004100009040001600050080001500066100001600081245015200097260003600249300001000285650002100295650002300316IN-BaIIA211028s9999 xx 000 0 eng d cIIA Library a520.1bGIL aGill, David 0aDescription of the cape observatorybpt. 1, the vctoria telescope and its observatory.cDavid Gill  aLondonbRoyal Observatoryc1897 a136p. aCape Observatory aVictoria telescope